Normal view MARC view

Entry Personal Name

Number of records used in: 1

001 - CONTROL NUMBER

  • control field: 23165

003 - CONTROL NUMBER IDENTIFIER

  • control field: OSt

005 - DATE AND TIME OF LATEST TRANSACTION

  • control field: 20210309152456.0

008 - FIXED-LENGTH DATA ELEMENTS

  • fixed length control field: 210309|| aca||aabn | a|a d

040 ## - CATALOGING SOURCE

  • Original cataloging agency: OSt
  • Transcribing agency: OSt

100 ## - HEADING--PERSONAL NAME

  • Personal name: Borton, Raymond E. (ed.)

670 ## - SOURCE DATA FOUND

  • Source citation: Work cat.: (OSt): Borton, Raymond E. (ed.), Getting agriculture moving, Vol. 2 :, 1966

Powered by Koha